000 00299nam a2200097Ia 4500
001 1229515
005 20250827093103.0
008 250824s9999 xx 000 0 und d
245 0 _aGIDIKLAYAN BİLMECELER FIKIRDAYAN GÜLMECELER
_cNUR İÇÖZÜ
260 _bALTIN KİTAPLAR YAYINLARI
999 _c1229515
_d1229515